[Event "BL 2017-18"]
[Site "Germany"]
[Date "2018.03.10"]
[Round "11"]
[White "Van Wely, Loek"]
[Black "Volokitin, Andrei"]
[Result "1/2-1/2"]
[WhiteElo "2656"]
[BlackElo "2639"]
[Annotator "TA"]
[PlyCount "166"]
[EventDate "2018.05.24"]
[EventType "team-tourn"]
[EventCountry "GER"]
[SourceTitle "playchess.com"]
[Source "ChessBase"]
[SourceQuality "1"]
[WhiteTeam "Solingen"]
[BlackTeam "SV Hofheim"]

{[%evp 24,166,35,22,16,21,21,18,38,0,0,0,0,0,0,-11,0,-7,0,0,0,0,0,0,0,0,0,0,0,0,0,0,0,0,0,-11,-11,-11,-11,-11,-11,-31,-11,-11,-11,-11,-11,-31,-11,-31,0,0,0,-31,-31,-30,-30,-30,-30,-31,-31,-31,-31,-31,-31,-31,-31,-31,-31,-31,-11,-11,-11,-11,-11,-31,-31,-31,-31,-31,-31,-31,-31,-31,-31,-31,0,-31,0,0,0,-31,-31,-31,-31,-31,-11,-11,-11,-11,-11,-11,-11,-11,-11,-11,-11,-11,0,-11,-11,-11,-11,-11,-11,-11,-11,-11,-11,-11,-11,-11,-11,-11,-11,-11,0,-11,-11,-11,-11,-11,-11,-11,-11,-11,0,0,0,0,0,0,0,0,0]} 1. Nf3 d5 2. d4 Nf6 3. c4 e6 4. Nc3 c5 5. cxd5 Nxd5 6. e4 Nxc3 7. bxc3 cxd4 8. cxd4 Bb4+ 9. Bd2 Bxd2+ 10. Qxd2 O-O 11. Rc1 b6 {D41: Queen's Gambit Declined: Semi-Tarrasch with 5 cxd5} 12. Bd3 Ba6 13. O-O {LiveBook: 3 Games} (13. Bxa6 Nxa6 14. O-O Qe7 15. Qe2 Qb7 16. Ne5 Rac8 17. h4 Nb8 18. Nc4 Qa6 19. Rc2 {½-½ (61) So,W (2788)-Dominguez Perez,L (2739) Saint Louis 2017}) 13... Bxd3 14. Qxd3 Nd7 {[%cal Bb8d7,Bd7f8,Bf8h7,Bh7g5,Bg5e4][%mdl 32]} 15. e5 h6 $146 ({Find the theoretical novelty and annotate with similar games:} 15... a6 16. Rc6 h6 17. Rfc1 Qb8 18. Qe3 Rd8 19. d5 {1-0 (28) Gomez Esteban,J (2495)-Rodriguez Lopez,R (2410) Caceres 1996}) 16. Qa6 Re8 17. h4 Nf8 18. h5 Nh7 19. Rfd1 Qd7 20. Rc4 Rec8 21. Nd2 Ng5 22. Rdc1 {[%cal Rc4c8]} Rxc4 23. Qxc4 Rd8 24. Nb3 Ne4 25. Qc6 Qxc6 26. Rxc6 $11 {[%mdl 4096] Endgame KRN-KRN} a5 {next ...a4 is good for Black.} 27. a4 Rb8 $1 28. g4 b5 29. axb5 Rxb5 30. Nc5 Nxc5 31. dxc5 {KR-KR} a4 32. Kg2 a3 {[#] Hoping for ...Ra5.} 33. Ra6 Rxc5 34. Rxa3 Rxe5 35. Ra8+ Kh7 36. Ra7 Kg8 37. Ra8+ Kh7 38. Ra7 f5 39. Kg3 fxg4 40. Kxg4 Rg5+ 41. Kh4 Kg8 42. f4 Rb5 43. Re7 Rb6 44. Kg4 Kf8 45. Ra7 Rb4 46. Kg3 Rb8 47. Ra5 Rb3+ 48. Kg4 Rb4 49. Kg3 Re4 50. Ra7 Rd4 51. Rb7 Rd8 52. Kf3 Rd1 53. Ra7 Rh1 54. Kg4 Ke8 55. Rb7 Rd1 56. Kf3 Kf8 57. Ra7 Rf1+ 58. Kg4 Re1 59. Kf3 e5 60. fxe5 {The position is equal.} Rxe5 61. Kg4 Rg5+ 62. Kh4 Rd5 63. Rb7 Rd4+ 64. Kg3 Re4 65. Ra7 Re7 66. Ra4 Re5 67. Kg4 Kf7 68. Ra7+ Kf6 69. Ra6+ Re6 70. Ra4 Rd6 71. Rf4+ Ke5 72. Rf5+ Ke6 {[#] And now ...Rd4+ would win.} 73. Rf4 Rd1 74. Re4+ Kd6 (74... Kd5 {NOTEXT} 75. Rf4 Ke5 76. Rf5+ Kd6 77. Rf4 Rg1+) 75. Re8 {Rd8+ is the strong threat.} Rg1+ 76. Kh4 Rg5 77. Re4 Re5 78. Rg4 Re1 79. Kh3 Rh1+ 80. Kg2 Rxh5 81. Rxg7 Rg5+ 82. Rxg5 hxg5 83. Kg3 Ke5 {Precision: White = 77%, Black = 75%.} 1/2-1/2

[Event "BL 2017-18"]
[Site "Germany"]
[Date "2018.03.10"]
[Round "11"]
[White "Areshchenko, Alexander"]
[Black "Meskovs, Nikita"]
[Result "1-0"]
[WhiteElo "2645"]
[BlackElo "2546"]
[Annotator "TA"]
[PlyCount "101"]
[EventDate "2018.05.24"]
[EventType "team-tourn"]
[EventCountry "GER"]
[SourceTitle "playchess.com"]
[Source "ChessBase"]
[SourceQuality "1"]
[WhiteTeam "Werder Bremen"]
[BlackTeam "Speyer"]

{[%evp 23,100,16,20,16,41,45,34,37,38,38,34,36,72,63,65,60,91,0,0,0,0,0,0,-10,0,-49,-42,-44,-40,-75,0,0,0,0,24,22,22,22,26,0,0,0,0,0,0,0,0,0,0,0,0,0,0,0,0,0,0,-145,-145,-143,-128,-104,0,0,0,-1,0,-1,0,0,0,0,900,886,886,837,29998,29999,29999]} 1. e4 e5 2. Nf3 Nc6 3. Bc4 Bc5 4. O-O Nf6 5. d3 d6 6. c3 a6 7. a4 O-O 8. h3 {C54: Giuoco Piano: 4 c3 Nf6, main lines with 5 d4 and 5 d3} h6 9. Re1 Ba7 (9... Re8 10. Nbd2 Be6 11. Bxe6 Rxe6 12. b4 Ba7 13. Qc2 Qd7 14. Nf1 d5 15. Ng3 Rd8 16. exd5 Qxd5 {½-½ (63) Carlsen,M (2834)-Kramnik,V (2787) Wijk aan Zee 2018}) 10. Nbd2 Ne7 11. d4 Ng6 12. Bb3 Re8 {LiveBook: 13 Games} 13. Bc2 c6 14. Nf1 Be6 {[#]} 15. Ng3 $146 Qc7 16. Be3 Rad8 17. Qc1 a5 18. Nf5 Bxf5 19. exf5 exd4 20. Nxd4 ({Reject} 20. cxd4 $6 Nf8 $11) (20. Bxh6 $1 $16 {And now Rxe8+ would win.} Rxe1+ 21. Nxe1) 20... Nf8 $11 21. Qd2 d5 22. Bf4 Qb6 23. Be3 Bb8 24. b4 ({Don't play} 24. Ne6 d4 $17) 24... Qc7 25. g3 axb4 26. cxb4 N8d7 (26... Ne4 $17 27. Bxe4 dxe4) 27. a5 Ne5 28. Bf4 c5 29. Rxe5 $1 Rxe5 30. Nf3 ({But not} 30. Bxe5 Qxe5 31. bxc5 Ne4 $17) 30... Qe7 31. Nxe5 Bxe5 32. Qe3 Ne4 $1 33. Bxe5 Qxe5 34. Rd1 Rc8 35. b5 Ra8 36. Bxe4 (36. f6 {seems wilder.} Rxa5 37. Bxe4 dxe4 38. Rd8+ Kh7 39. Rd7) 36... dxe4 {[%mdl 4096] Endgame KQR-KQR} 37. Rc1 Qxf5 38. Rxc5 Qxh3 39. Qxe4 {Threatens to win with Re5.} Rxa5 40. Rc1 (40. Qe8+ $11 {keeps the balance.} Kh7 41. Qe4+ g6 42. Qd4) 40... Qd7 $17 41. b6 {[#]} Rh5 $1 42. Qf3 g6 ({Black should play} 42... Rf5 $17 43. Qe4 g6) 43. Rc7 $11 Qe6 {( -> ...Qe1+)} 44. Qc3 $1 $132 {[%mdl 2048] White has counterplay} Kh7 {...Qd5 is the strong threat.} 45. Rc8 {[%csl Gc3][%cal Rc8h8]} Re5 46. Rc7 Rd5 47. Rc8 {[%csl Gc3][%cal Rc8h8]} g5 $2 {[%mdl 8192] [#]} (47... Re5 $11) 48. Rh8+ $1 $18 Kg6 49. Rg8+ Kh5 50. Qf3+ g4 51. Qh1# {Precision: White = 88%, Black = 63%.} 1-0

[Event "BL 2017-18"]
[Site "Germany"]
[Date "2018.03.10"]
[Round "11"]
[White "Banusz, Tamas"]
[Black "Donchenko, Alexander"]
[Result "1/2-1/2"]
[WhiteElo "2640"]
[BlackElo "2583"]
[Annotator "TA"]
[PlyCount "68"]
[EventDate "2018.05.24"]
[EventType "team-tourn"]
[EventCountry "GER"]
[SourceTitle "playchess.com"]
[Source "ChessBase"]
[SourceQuality "1"]
[WhiteTeam "Hockenheim"]
[BlackTeam "Aachen"]

{[%evp 16,68,25,19,31,29,37,0,-3,-3,-3,-2,0,-8,0,0,-6,0,0,0,27,27,23,23,32,18,39,0,0,-18,-14,-19,-8,-24,-33,-34,-13,-34,-33,-33,-34,-33,-33,-46,-35,-50,-19,-19,-19,-19,-19,-35,-35,-45,0]} 1. Nf3 Nf6 2. g3 b6 3. Bg2 Bb7 4. O-O g6 5. c4 Bg7 6. d4 O-O 7. d5 Ne4 {A50: Queen's Fianchetto Defence (1 d4 Nf6 2 c4 b6)} (7... e6 8. Nc3 Re8 9. Nd4 exd5 10. cxd5 Na6 11. e4 Nc5 12. Re1 Nxd5 13. exd5 Rxe1+ 14. Qxe1 Bxd4 15. Be3 {0-1 (39) Melkumyan,H (2633)-Mamedyarov,S (2799) Riadh 2017}) 8. Qc2 f5 9. Rd1 {LiveBook: 8 Games} Qe8 $146 {The position is equal.} ({Find the theoretical novelty and annotate with similar games:} 9... Na6 10. Nd4 Nd6 11. a3 Qc8 12. b4 c5 13. dxc6 dxc6 14. c5 bxc5 15. bxc5 {½-½ (76) Banusz,T (2641)-Liang,A (2572) chess.com INT 2018}) 10. Nd4 e6 11. Nc3 Nxc3 $1 12. bxc3 e5 13. Nb5 Na6 14. c5 e4 15. Rb1 Qf7 16. c4 {[%cal Bc3c4,Bc4b5][%mdl 32]} Rfc8 17. Bf4 Bf8 18. cxb6 axb6 19. d6 {[%cal Rd6c7]} Bc6 20. dxc7 Bxb5 21. cxb5 Nxc7 $1 22. Bxc7 Bc5 23. e3 {[#] Bf1 is the strong threat.} Rxa2 24. Qc3 Rxc7 25. Bf1 {[%cal Bg2f1,Bf1c4,Bc4b3,Bb3d5][%mdl 32] Strongly threatening Bc4.} Ra3 26. Qb2 Qg7 27. Bc4+ Kf8 28. Qd2 Qe5 29. Qe2 Kg7 30. Bb3 Ra8 31. Kg2 h5 32. h4 Kh6 33. Bd5 Ra3 34. Bb3 Ra8 {Precision: White = 73%, Black = 64%.} 1/2-1/2

[Event "BL 2017-18"]
[Site "Germany"]
[Date "2018.03.10"]
[Round "11"]
[White "Efimenko, Zahar"]
[Black "Nemeth, Miklos"]
[Result "1-0"]
[WhiteElo "2636"]
[BlackElo "2489"]
[Annotator "TA"]
[PlyCount "119"]
[EventDate "2018.05.24"]
[EventType "team-tourn"]
[EventCountry "GER"]
[SourceTitle "playchess.com"]
[Source "ChessBase"]
[SourceQuality "1"]
[WhiteTeam "Werder Bremen"]
[BlackTeam "Speyer"]

{[%evp 21,119,16,23,20,16,12,27,11,14,2,16,0,10,0,0,-12,-4,-35,-25,-23,0,-5,0,0,8,0,0,-20,0,0,0,0,0,0,22,17,18,12,41,35,35,57,66,40,39,23,40,29,34,17,40,28,37,16,26,12,34,27,56,46,73,73,73,73,131,140,156,156,207,166,375,368,343,339,281,174,170,197,195,196,202,16,16,16,14,16,630,627,408,382,1272,1312,4264,4219,4264,4264,4137,1052,29982,29983]} 1. Nf3 Nf6 2. g3 b6 3. Bg2 Bb7 4. O-O e6 5. d3 d5 6. Nbd2 Be7 7. e4 dxe4 8. dxe4 O-O {A05: Réti Opening: 1 Nf3 Nf6} 9. e5 Nfd7 10. Qe2 Nc6 11. Rd1 Qc8 {LiveBook: 8 Games} 12. Nb1 $146 ({Predecessor:} 12. Nc4 Rd8 13. Bf4 Nf8 14. h4 Rxd1+ 15. Rxd1 Qe8 16. h5 {0-1 (64) Anton Guijarro,D (2635)-Kryvoruchko,Y (2697) Linares 2015}) 12... Rd8 13. Nc3 Nc5 14. Rxd8+ Qxd8 15. a3 a5 16. Bf4 Qe8 17. h4 Rd8 18. Re1 Bf8 19. h5 h6 20. g4 {[%cal Bg3g4,Bg4g5][%mdl 32]} a4 21. Rd1 Ba6 22. Qe1 Rd7 23. Rxd7 Qxd7 24. Qe3 Bb7 25. g5 {[%cal Rg5h6]} Ne7 26. gxh6 Nf5 27. Qd2 Qxd2 28. Nxd2 Bxg2 29. Kxg2 gxh6 30. Nde4 Nxe4 31. Nxe4 $14 {[%mdl 4096] Endgame KBN-KBN} Bg7 32. c4 Nd4 33. Nf6+ Kf8 34. Ng4 Nf5 35. Kf3 Ke7 36. Ke4 Kd7 37. Bd2 c6 38. Bc3 Kc7 39. Nh2 Bf8 40. Nf1 Bg7 41. Ng3 Ne7 42. f4 Bf8 (42... Kd7 $142) 43. f5 $1 $16 exf5+ 44. Nxf5 Ng8 (44... Kd7 $16) 45. Bd4 $1 $18 b5 $2 (45... c5) 46. cxb5 cxb5 47. Be3 Kd7 48. Kd5 b4 49. axb4 Bxb4 50. Nxh6 Ne7+ {[#]} 51. Kc4 $2 (51. Ke4 $1 $18 Ke8 52. Bg5) 51... a3 $1 $11 {[%cal Ra3b2]} 52. bxa3 Bxa3 53. Ng4 ({Much less strong is} 53. Nxf7 $6 Ke6 $16) 53... Ke6 $2 {[%mdl 8192]} (53... Bb2 $11) 54. Kb3 $18 Kf5 55. Nh6+ ({Not} 55. Kxa3 Kxg4 56. h6 Kf5 $11) 55... Ke4 $2 {[#]} (55... Kxe5 56. Kxa3 Ke6) 56. Bg5 $1 Bc5 57. Kc4 Kxe5 58. Kxc5 f6 59. Bc1 f5 60. Bg5 {Precision: White = 55%, Black = 29%.} 1-0

[Event "BL 2017-18"]
[Site "Germany"]
[Date "2018.03.10"]
[Round "11"]
[White "van Foreest, Jorden"]
[Black "Jobava, Baadur"]
[Result "1-0"]
[WhiteElo "2636"]
[BlackElo "2685"]
[Annotator "TA"]
[PlyCount "67"]
[EventDate "2018.05.24"]
[EventType "team-tourn"]
[EventCountry "GER"]
[SourceTitle "playchess.com"]
[Source "ChessBase"]
[SourceQuality "1"]
[WhiteTeam "Aachen"]
[BlackTeam "Hockenheim"]

{[%evp 11,67,46,52,48,43,50,85,77,86,71,72,65,70,43,43,52,31,33,74,46,79,0,4,11,21,18,22,5,71,71,71,71,134,71,71,72,72,73,81,74,270,273,475,475,472,467,440,289,273,271,418,400,784,606,12841,5094,29979,29980]} 1. e4 c6 2. d4 d5 3. e5 Bf5 4. Nf3 e6 5. Be2 f6 6. O-O {B12: Caro-Kann: Advance Variation} fxe5 {LiveBook: 6 Games} 7. Nxe5 Nd7 8. f4 $146 {White is slightly better.} ({Predecessor:} 8. Bd3 Ngf6 9. Re1 Be7 10. Nf3 Ne4 11. Nc3 Ndf6 12. Bg5 O-O 13. Nxe4 dxe4 14. Bxf6 exd3 15. Bxe7 Qxe7 {½-½ (49) Caruana,F (2803)-Jobava,B (2699) Khanty-Mansiysk 2015}) 8... Nxe5 9. fxe5 Qd7 10. Nd2 O-O-O 11. Nb3 Be7 12. Bd3 g6 13. Be3 h5 14. Qd2 h4 15. h3 Qe8 16. c4 (16. Nc5 $16) 16... Bxd3 $1 $11 17. Qxd3 dxc4 18. Qxc4 Rd5 19. Nd2 $36 {[%cal Bb3d2,Bd2e4,Be4c3,Bc3d5,Bd5f6][%mdl 2080] aiming for Ne4. White fights for an advantage.} g5 (19... Nh6 $11 {keeps the balance.}) 20. Ne4 $16 {Black must now prevent Nc3.} Qg6 21. Nc3 {Hoping for Qa4.} Rd7 {[#]} 22. Rac1 (22. Nb5 $142 $1) 22... g4 23. d5 gxh3 {[%csl Gh3][%cal Rg6g2] [#]} 24. Rf2 $1 exd5 25. Nxd5 Bd8 $2 (25... hxg2 $16 26. Rxg2 Qh7) 26. e6 $18 (26. Bxa7 hxg2 27. e6 (27. Rxg2 Qe6 $17) 27... Rd6 $11) 26... Rg7 $2 (26... Rd6) 27. Qd4 Nf6 28. Nxf6 Bb6 29. Qf4 Bc7 30. Qf3 Bg3 (30... Qg3 {was necessary.} 31. Qxg3 Bxg3) 31. Rd2 {[%cal Bf2d2,Bd2d7,Bd7c7][%mdl 32]} hxg2 (31... Rf8 $142 32. e7 (32. Bxa7 Rxf6 33. Rxc6+ Bc7 $11) 32... Rxe7) 32. Rd7 Bc7 {intending ...h3.} 33. e7 {White threatens Rxc7+! and mate.} Qg3 {[#]} 34. Rxc7+ $1 {[%mdl 512] Precision: White = 84%, Black = 45%.} 1-0

[Event "BL 2017-18"]
[Site "Germany"]
[Date "2018.03.10"]
[Round "11"]
[White "Predojevic, Borki"]
[Black "Margolin, Boris"]
[Result "1-0"]
[WhiteElo "2629"]
[BlackElo "2388"]
[Annotator "TA"]
[PlyCount "67"]
[EventDate "2018.05.24"]
[EventType "team-tourn"]
[EventCountry "GER"]
[SourceTitle "playchess.com"]
[Source "ChessBase"]
[SourceQuality "1"]
[WhiteTeam "Solingen"]
[BlackTeam "SV Hofheim"]

{[%evp 21,67,0,8,8,14,18,12,16,11,0,0,-11,46,38,48,45,45,31,39,40,39,46,51,53,56,20,27,0,0,-20,107,122,162,113,206,201,372,373,695,683,668,678,945,934,794,775,951,947]} 1. e4 e5 2. Nf3 Nc6 3. Bb5 {[%cal Bf1b5,Bb5a4,Ba4b3][%mdl 32]} a6 4. Ba4 Nf6 5. O-O b5 6. Bb3 Be7 7. a4 b4 8. d3 d6 9. a5 O-O 10. Nbd2 Be6 {C84: Closed Ruy Lopez: Unusual White 6th moves} (10... Rb8 11. Re1 Be6 12. Bxe6 fxe6 13. Nb3 Qc8 14. Qe2 Nd8 15. d4 exd4 16. Nbxd4 c5 17. Nb3 e5 18. Nbd2 Ne6 19. Nc4 Nd4 20. Nxd4 cxd4 {½-½ (43) Caruana,F (2807)-Carlsen,M (2822) Saint Louis 2017}) 11. Nc4 Qc8 {LiveBook: 3 Games} 12. h3 h6 {The position is equal.} 13. Be3 Qb7 14. Nfd2 $146 ({Predecessor:} 14. Qe2 Nh7 15. Rfe1 Kh8 16. Ncd2 Bxb3 17. Nxb3 Rab8 18. d4 exd4 19. Nbxd4 Nxd4 20. Bxd4 {½-½ (36) Brunner,R (2177)-Popov,V (2196) ICCF email 2013}) 14... Rad8 15. Ba4 Nd7 16. Qf3 f5 (16... Nd4 $11 17. Bxd4 exd4) 17. exf5 $14 d5 18. fxe6 Rxf3 19. Nxf3 Nf8 20. Ncxe5 Nxe5 21. Nxe5 {Threatens to win with Nc6.} Rd6 22. d4 Nxe6 23. f4 {[%cal Bf2f4,Bf4f5][%mdl 32]} c6 24. Rae1 Bf6 25. f5 Nf8 (25... Ng5 $1 $11 {remains equal.}) 26. Bf4 $16 Qc8 27. Kh1 Bg5 (27... Bd8 $16) 28. Bg3 $18 Nh7 $2 {[#]} (28... Kh7 {was called for.} 29. Kh2 Bf6) 29. Ng6 Rd8 $2 (29... Rxg6 30. fxg6 Nf8) 30. h4 {White is clearly winning.} Bf6 31. Re6 Qb7 32. Bxc6 Qf7 33. Rfe1 Nf8 34. Re8 {Precision: White = 63%, Black = 41%.} 1-0

[Event "BL 2017-18"]
[Site "Germany"]
[Date "2018.03.10"]
[Round "11"]
[White "Bok, Benjamin"]
[Black "Savchenko, Stanislav"]
[Result "1-0"]
[WhiteElo "2613"]
[BlackElo "2466"]
[Annotator "TA"]
[PlyCount "48"]
[EventDate "2018.05.24"]
[EventType "team-tourn"]
[EventCountry "GER"]
[SourceTitle "playchess.com"]
[Source "ChessBase"]
[SourceQuality "1"]
[WhiteTeam "Solingen"]
[BlackTeam "SV Hofheim"]

{[%evp 16,48,27,20,65,56,121,123,121,113,110,118,205,196,201,198,197,189,225,220,281,295,325,298,393,322,531,410,389,366,1111,1098,1059,1041,29993]} 1. c4 e5 2. g3 Nc6 3. Bg2 Bc5 4. Nc3 d6 5. e3 a6 6. Nge2 {A25: English Opening vs King's Indian with ...Nc6 but without early d3} (6. Nf3 Nf6 7. O-O O-O 8. h3 Ba7 9. d4 h6 10. dxe5 dxe5 11. Qxd8 Rxd8 12. b3 Be6 13. Ba3 Rd7 14. Rfd1 Rad8 15. Rxd7 Rxd7 {½-½ (41) Howell,D (2676)-Ponomariov,R (2694) Riadh 2017}) 6... Nge7 7. O-O Ba7 $146 ({Predecessor:} 7... O-O 8. b3 Bg4 9. h3 Bh5 10. g4 Bg6 11. d4 {1-0 (25) Zwahr,P (2269)-Huse,S (2086) Prague 2018}) 8. d4 O-O 9. b3 {LiveBook: 4 Games} Bg4 10. h3 Bh5 (10... Bd7 $14) 11. dxe5 dxe5 12. g4 Bg6 13. Ba3 Qc8 (13... Re8 $16 {was worth a try.}) 14. Bxc6 $1 $18 Nxc6 15. Bxf8 Qxf8 16. Ng3 Rd8 17. Qf3 Rd3 18. Rac1 Qb4 19. Nd5 Qa3 20. Nf5 h6 $2 {[#]} (20... Bc5 {is a better defense.} 21. Rc2 Qa5) 21. Rcd1 Rxd1 22. Rxd1 ({Less strong is} 22. Qxd1 Bc5 $18) 22... Qxa2 $2 (22... Bc5 23. Qe2 Qa5) 23. Nfe7+ Kh7 24. Nxg6 fxg6 {Precision: White = 94%, Black = 20%.} 1-0

[Event "BL 2017-18"]
[Site "Germany"]
[Date "2018.03.10"]
[Round "11"]
[White "Gajewski, Grzegorz"]
[Black "Lindgren, Philip"]
[Result "1/2-1/2"]
[WhiteElo "2601"]
[BlackElo "2391"]
[Annotator "TA"]
[PlyCount "83"]
[EventDate "2018.05.24"]
[EventType "team-tourn"]
[EventCountry "GER"]
[SourceTitle "playchess.com"]
[Source "ChessBase"]
[SourceQuality "1"]
[WhiteTeam "Dresden"]
[BlackTeam "Bayern Muenchen"]

{[%evp 11,83,0,0,-8,16,16,16,16,16,14,22,12,12,8,13,13,10,8,16,7,31,28,24,26,19,25,41,7,14,3,4,0,7,14,92,89,101,90,89,90,84,101,77,90,86,96,92,67,72,28,39,28,28,28,28,28,32,32,32,25,30,18,263,0,20,0,0,0,0,0,0,0,0,0]} 1. d4 Nf6 2. c4 e6 3. g3 d5 4. Nf3 Bb4+ 5. Bd2 Be7 6. Bg2 {E11: Bogo-Indian} Nbd7 {LiveBook: 76 Games} 7. Bc3 $146 ({Predecessor:} 7. O-O O-O 8. Qc2 c6 9. b3 b6 10. Nc3 Ba6 11. Bf4 Rc8 12. Rfd1 dxc4 13. Ne5 Nd5 14. bxc4 Nxf4 15. gxf4 Nxe5 16. dxe5 Qc7 17. Ne4 Rfd8 {1-0 (36) Dziuba,M (2584)-Wojtaszek,R (2736) Katowice 2017}) 7... dxc4 8. Nbd2 Nd5 9. Nxc4 Nxc3 10. bxc3 c5 11. O-O O-O 12. a4 Qc7 13. Nfe5 Nxe5 14. Nxe5 Rd8 15. e3 Bd6 16. Qh5 Bxe5 17. Qxe5 Qxe5 18. dxe5 Kf8 19. f4 Ke7 20. a5 $36 {[%mdl 2048] White has good play.} Rb8 $1 21. Rfb1 Rd3 22. Ra3 Rxe3 (22... f6 $11 {keeps the balance.}) 23. Bf1 $1 $16 Bd7 24. Kf2 Re4 25. Rba1 $1 Rd8 {[#]} 26. Bg2 $1 {[%cal Rg2e4]} Rc4 27. Bxb7 Bb5 28. Ke3 f5 29. exf6+ gxf6 30. Be4 f5 31. Bd3 Rxd3+ $1 32. Kxd3 {Black must now prevent Kd2.} Rxf4+ $1 $11 {[%mdl 4096] Endgame KRR-KRB} 33. Ke3 Re4+ 34. Kf3 Bc4 35. Rb1 {Strongly threatening Rb7+.} Kf6 36. a6 {Threatens to win with Rb7.} e5 $2 {[#]} (36... Re2 $1 $11 {and Black stays safe.}) 37. Rb2 $2 ({White has to play} 37. Ra5 $1 $18) 37... Re1 {The position is equal.} 38. Ra4 e4+ 39. Kg2 Bd3 {aiming for ...e3.} 40. Rb6+ Kg5 (40... axb6 $5 41. a7 $8 Re2+ 42. Kg1 (42. Kh3 $2 Rc2 $19) 42... Re1+ 43. Kg2 Re2+ 44. Kg1 (44. Kh3 $2 Rc2 $19) 44... Re1+ 45. Kg2 $11) 41. Rb7 Re2+ 42. Kg1 {Precision: White = 61%, Black = 59%.} 1/2-1/2

[Event "BL 2017-18"]
[Site "Germany"]
[Date "2018.03.10"]
[Round "11"]
[White "Nikolic, Predrag"]
[Black "Armbruster, Alexander"]
[Result "1-0"]
[WhiteElo "2591"]
[BlackElo "2305"]
[Annotator "TA"]
[PlyCount "139"]
[EventDate "2018.05.24"]
[EventType "team-tourn"]
[EventCountry "GER"]
[SourceTitle "playchess.com"]
[Source "ChessBase"]
[SourceQuality "1"]
[WhiteTeam "Solingen"]
[BlackTeam "SV Hofheim"]

{[%evp 16,139,0,0,0,0,0,-5,-6,0,4,0,-4,0,-4,-9,3,-23,-19,-19,-19,-34,-17,-20,-16,-9,-15,-22,-23,-43,-30,-56,-50,-89,-91,-83,-81,-90,-82,-91,-89,-108,-98,-105,-105,-108,-102,-102,-95,-112,-110,-111,-107,-110,-108,-113,-73,-135,-131,-113,-107,-131,-128,-179,-127,-145,-121,-110,-120,-154,-115,-150,-140,-205,-184,-210,-183,-202,-181,-166,-154,-188,-168,-152,-204,-209,-106,-102,-99,-99,-98,-96,-79,-133,-69,-65,-67,-77,-51,-29,-38,-56,-26,-37,-33,-30,-12,-96,0,0,0,0,0,0,0,-52,-56,-52,-79,-94,283,266,826,865,803,437]} 1. d4 g6 2. Nf3 Bg7 3. g3 Nf6 4. Bg2 O-O 5. O-O d5 6. Na3 Bf5 7. c4 c6 8. Bf4 {D78: Fianchetto Grünfeld: 6 0-0 c6} Be4 (8... Nbd7 9. Qc1 Qb6 10. Rd1 Rac8 11. c5 Qa5 12. Nh4 b6 13. Nxf5 gxf5 14. cxb6 Qxb6 15. Rb1 c5 {½-½ (70) Nikolic,P (2618)-Vuckovic,B (2558) Kraljevo 2015}) 9. Qd2 {LiveBook: 5 Games} e6 10. Rac1 {The position is equal.} Re8 11. Rfd1 Nbd7 12. h3 $146 ({Predecessor:} 12. b3 Nb6 13. Be5 Nbd7 14. Bf4 Nb6 15. Be5 Nbd7 16. Bf4 {½-½ (16) Baumbach,F-Malich,B Goerlitz 1972}) 12... Nh5 13. Bg5 f6 14. Bh6 Bxh6 15. Qxh6 Qe7 16. Rc3 Rad8 17. cxd5 exd5 18. Nc2 Nf8 (18... Ng7 {is interesting.} 19. Nce1 a5 20. Qc1 Nf5 21. e3 Nd6) 19. Nce1 Ne6 20. Qd2 Nhg7 21. e3 Nf5 22. Bf1 Nd6 $36 {[%mdl 2048] White is under pressure.} 23. Nh2 g5 24. f3 Bg6 25. Qf2 Ng7 26. Ng2 Rd7 27. b4 a6 28. a4 Ne6 29. Rdc1 Nc7 30. g4 Qg7 31. Be2 Rf7 32. Qg3 Qf8 33. Rb3 h6 34. h4 Qe7 35. Qh3 Kg7 36. Nf1 (36. Qg3 $142) 36... f5 $17 37. gxf5 Nxf5 38. h5 Bh7 39. Rb2 (39. Bd1 $17) 39... Nd6 ({Better is} 39... Ne6 $19 40. Rd1 Nc7) 40. Nh2 Bf5 41. Qg3 Qd7 42. a5 Kh8 43. Bf1 Ree7 44. Rd2 (44. Rf2 $17 {is a better defense.}) 44... Nce8 $19 45. e4 dxe4 46. d5 e3 47. Re2 cxd5 {Hoping for ...d4.} 48. Rxe3 Nf6 49. Rxe7 Rxe7 50. Qf2 Nxh5 (50... Nf7 $1 $19 51. Qd4 Qe6) 51. Qd4+ $17 Kh7 {White must now prevent ...Nb5.} 52. Rc5 Re6 53. Rxd5 Qe7 54. Rc5 (54. Bd3 $142 Bxd3 55. Qxd3+ Kg7 56. Nf1) 54... Qg7 (54... Ng3 $17 55. Bd3 Qg7) 55. Qd2 $15 Nf4 56. Ne3 $1 {[%cal Re3f5]} Bg6 57. Nd5 $1 Nxd5 58. Rxd5 Nf5 59. Bd3 Nh4 60. Kf2 Re7 {Threatening ...Qf6.} 61. Rd6 (61. Ng4 $11 {keeps the balance.}) 61... Qf8 ({Black should try} 61... Qf7 $1 $17 62. Bxg6+ Nxg6) 62. Bxg6+ $11 Nxg6 63. Qd3 Qf7 64. Ng4 h5 65. Nf6+ (65. Ne3 $1 $11) 65... Kh6 $15 66. Ne4 Qa2+ $1 67. Kf1 {[#]} Qf7 $2 {[%mdl 8192] [#]} (67... Re6 $1 $17 {stays on course.} 68. Qd5 Qa1+ 69. Qd1 Qxd1+ 70. Rxd1 Ne5) 68. Rf6 $1 $18 {[%cal Rf6f7]} Qe8 $2 (68... Qg8 69. Nd6 Rc7) 69. Nd6 Rd7 70. Qf5 {Precision: White = 63%, Black = 55%.} ({Stronger than} 70. Nxe8 Rxd3 71. Nd6 Kg7 $17) 1-0